000 00864ata a2200313 4500
005 20260309175211.0
008 150521b2008 xxu||||| |||| 00| 0 spa d
020 _a9789871397242
041 _aESP
082 _a364.151 F299s3
100 _aFeierstein, Daniel
_930934
245 _aSeis estudios sobre genocidio: análisis de las relaciones sociales, otredad, exclusión, exterminio
250 _a3 edición
260 _aArgentina
260 _bDel Puerto
260 _c2008
300 _a142 páginas
490 _aInvestigación Criminal
650 _aGENOCIDIO
650 _aPRÁCTICA SOCIAL
650 _aPROCESO GENOCIDA
650 _aHOSTIGAMIENTO
650 _aAISLAMIENTO ESPACIAL
650 _aDEBILITAMIENTO SISTEMÁTICO
650 _aEXTERMINIO
650 _aCAMPOS NAZIS
650 _aRESISTENCIA JUDÍA
942 _cBK
_2ddc
999 _c5901
_d5901